000 00700nam a22002177a 4500
003 UA-OsUOA
001 89872
007 ta
008 20121112b un ||||| |||| 00| 0 ukr d
100 _aГіря К.С.
090 _a94(477)
_bГ51
942 _cSA
040 _aUA-OsUOA
_bukr
_cUA-OsUOA
_dUA-OsUOA
245 _aДослідження проблеми взаємостосунків запорізьких і донських козаків у другій половині 1990-х - на початку ХХІ ст.
300 _aС.75-82
955 _a0
041 _aukr
080 _a94(477)
773 0 _w89857
650 7 _a9 Географія. Біографії. Історія
_2UDC
999 _c376151
_d376151